Film Allgemeinwissen Quiz #9 - Statistiken

Allgemein
  • Dieses Quiz wurde 77 mal gespielt
  • Das Durchschnittsergebnis liegt bei 7 aus 20
Antwortstatistiken
Frage Antwort % Korrekt
Gegen welches Volk kämpfen Asterix und seine Freunde? Römer
86%
Wie viele offiziellen James-Bond-Filme gibt es bisher? 25
76%
Zu welcher Art von Monstern gehören Fenrir Greyback und Remus Lupin aus den "Harry Potter"-Filmen? Werwolf
73%
Welche Horrorkomödie parodiert die Slasherfilm-Reihe "Scream"? Scary Movie
70%
Welcher Actionfilm-Klassiker mit Bruce Willis spielt in dem fiktiven Hochhaus Nakatomi Plaza? Stirb langsam
65%
Welcher berühmte Horror-Autor schrieb die Romanvorlage zu dem Coming-of-Age-Film "Stand by Me"? Stephen King
45%
Welche R&B-Sängerin spielt neben Kevin Costner im Film "Bodyguard" die Hauptrolle? Whitney Houston
44%
Welcher italienische Schriftsteller schrieb die Vorlage zu "Der Name der Rose" mit Sean Connery? Umberto Eco
38%
Wie heißt der Butler von Batman mit Vornamen? Alfred
36%
Lily Evans hieß vor ihrer Heirat die Mutter welches zaubernden Roman- und Filmhelden? Harry Potter
35%
Von welchem Animationsstudio stammen die "Minions"-Filme? Illumination
29%
Aus welchem Film stammt der an einer Schlafstörung und einer gespaltenen Persönlichkeit leidende Terrorist Tyler Durden? Fight Club
27%
Welcher Schauspieler spielt Johnny Cash in dessen Biografie "Walk the Line"? Joaquin Phoenix
27%
Wer spielt die weibliche Hauptrolle in "Jurassic World: Dominion", dem siebten Teil der "Jurassic Park"-Filmreihe? Scarlett Johansson
24%
Welchen Bösewicht spielt Alfred Molina in "Spider-Man 2"? Doc Ock
20%
Auf welchen legendären englischen König ist der Monty-Python-Film "Die Ritter der Kokosnuss" eine Parodie? Artus
18%
Welcher berühmte Reality-TV-Sanitäter war Spezialeffektkünstler und Maskenbildner bei Filmen wie "Mad Max II", "Das Piano" und "Matrix"? Dr. Bob
12%
Welcher Batman-Darsteller sprach sich jahrelang selbst in der Serie "Family Guy"? Adam West
9%
Wie heißt das mit Menschenblut geschriebene Zauberbuch aus den "Tanz der Teufel"-Filmen? Necronomicon Ex-Mortis
6%
Wie heißt das Raumschiff aus dem ersten "Alien"-Film? USCSS Nostromo
2%
Keine übereinstimmenden Quizze gefunden
Verteilung der Resultate
Anzahl Personen mit jedem Resultat
Perzentil nach korrekt beantworteten Fragen
Ihre Resultats-Entwicklung
Sie haben dieses Quiz noch nicht gespielt